Fray Pedro de Aguado: lengua y etnografía
Guardat en:
| Autor principal: | |
|---|---|
| Format: | Llibre |
| Idioma: | espanyol |
| Publicat: |
Caracas
Fuentes para la Historia Colonial de Venezuela
1981
|
| Col·lecció: | Biblioteca de la Academia Nacional de la Historia, 148
|
| Matèries: | |
| Etiquetes: |
Afegir etiqueta
Sense etiquetes, Sigues el primer a etiquetar aquest registre!
|
MARC
| LEADER | 00000nam a2200000 a 4500 | ||
|---|---|---|---|
| 001 | UCS8693 | ||
| 003 | CL-VaPUC | ||
| 008 | 971107e19810000VE |||||||||||||||||spa|d | ||
| 082 | 0 | 4 | |a 278.7 |b VAQ |2 21 |
| 100 | 0 | |a Vaquero de Ramírez, María T |e author |9 393498 | |
| 245 | 1 | 0 | |a Fray Pedro de Aguado: lengua y etnografía |
| 300 | |a 355 p | ||
| 942 | |c BK | ||
| 945 | |d 19971107 00:00:00 |a cmena | ||
| 260 | |a Caracas |b Fuentes para la Historia Colonial de Venezuela |c 1981 | ||
| 600 | 0 | |a Iglesia católica |9 255129 | |
| 600 | 0 | 7 | |a AGUADO, PEDRO DE |2 CL-VaPUC |9 393499 |
| 650 | 0 | |a Iglesia |9 255004 | |
| 650 | 0 | |a Biografías |9 255210 | |
| 650 | 0 | |a Historia venezolana |9 393448 | |
| 650 | 0 | |a Lexicografía |9 321487 | |
| 650 | 0 | |a Semántica |9 265318 | |
| 650 | 0 | |a Vocabularios |9 316229 | |
| 650 | 0 | |a Lenguas vernáculas |9 347000 | |
| 650 | 0 | |a Etnografía |9 309735 | |
| 651 | 0 | |a Venezuela |9 254993 | |
| 583 | |a last modification |c 19971107 00:00:00 |k Rodrigo Vera | ||
| 490 | 0 | |a Biblioteca de la Academia Nacional de la Historia, 148 | |
| 999 | |c 262962 |d 262960 | ||
| 952 | |0 0 |1 0 |4 0 |6 278_700000000000000_VAQ_1981 |7 0 |8 A |9 292027 |a BIBDER |b BIBDER |d 2019-11-19 |i 1755846 |o 278.7 VAQ 1981 |p 1755846 |r 2023-01-25 |w 2019-11-19 |y BK |k DER | ||